Migración hacia la frontera norte de México : (Record no. 75329)

MARC details
000 -LEADER
fixed length control field 00790nam a22002057a 4500
005 - DATE AND TIME OF LATEST TRANSACTION
control field 20230905121026.0
008 - FIXED-LENGTH DATA ELEMENTS--GENERAL INFORMATION
fixed length control field 140716| mx||||| |||| |0|||||spadd
020 ## - INTERNATIONAL STANDARD BOOK NUMBER
International Standard Book Number 968607550X
050 04 - LIBRARY OF CONGRESS CALL NUMBER
Classification number HB1952
Item number Z46 1993
100 1# - MAIN ENTRY--PERSONAL NAME
Personal name Zenteno Quintero, René M.,
Relator term autor
245 10 - TITLE STATEMENT
Title Migración hacia la frontera norte de México :
Remainder of title Tijuana, Baja California /
Statement of responsibility, etc René M. Zenteno Quintero.
250 ## - EDITION STATEMENT
Edition statement 1a ed.
260 ## - PUBLICATION, DISTRIBUTION, ETC. (IMPRINT)
Place of publication, distribution, etc Tijuana, México :
Name of publisher, distributor, etc El Colegio de la Frontera Norte, Departamento de estudios de población,
Date of publication, distribution, etc 1993
300 ## - PHYSICAL DESCRIPTION
Extent 74 p. ;
Dimensions 24 cm.
504 ## - BIBLIOGRAPHY, ETC. NOTE
Bibliography, etc Incluye bibliografías
650 #7 - SUBJECT ADDED ENTRY--TOPICAL TERM
Topical term or geographic name as entry element Migración interna
Source of heading or term Lemb
Geographic subdivision México
Chronological subdivision siglo xx
650 #4 - SUBJECT ADDED ENTRY--TOPICAL TERM
Topical term or geographic name as entry element Migración
710 2# - ADDED ENTRY--CORPORATE NAME
Corporate name or jurisdiction name as entry element El Colegio de la Frontera Norte (México). Departamento de Estudios de Población
942 ## - ADDED ENTRY ELEMENTS (KOHA)
Source of classification or shelving scheme Biblioteca del Cogreso de los Estados Unidos
Koha item type Libro
Holdings
Estado de pérdida Fuente de clasificación Estado del daño No para préstamo Ubicación permanente Ubicación actual Apartado o colección Fecha de adquisición Fuente de adquisición Edición Enumeración de Serie / Cronológica Dependencia de educación superior (DES) Área del conocimiento Clasificación Código de Barras Date last seen Número de copia Tipo de recurso
  Biblioteca del Cogreso de los Estados Unidos   Uso interno Biblioteca Biblioteca de la Facultad de Economía Biblioteca de la Facultad de Economía General 31/01/2017 Unidad Académica 1a ed. BFE000003902 Ciencias Económico Administrativas Ciencias Sociales y Administrativas HB1952 Z46 1993 BFE000003902 16/07/2014 C.1 Libro